wszystkie państwa które mają tylko dwa kolory. - Statystyki

Ogólne statystyki
  • Ten quiz został rozwiązany 129 razy
  • Średni wynik to 19 z 36
Statystyki odpowiedzi
kontynent państwa % Poprawnych
europa polska
98%
azja japonia
86%
europa ukraina
84%
europa szwecja
82%
europa monako
81%
europa dania
76%
europa finlandia
75%
azja chiny
74%
azja indonezja
67%
ameryki kanada
66%
europa grecja
64%
europa szwajcaria
61%
europa albania
60%
afryka maroko
58%
azja turcja
58%
azja bangladesz
54%
europa łotwa
54%
azja kazachstan
49%
europa macedonia północna
48%
azja katar
47%
azja arabia saudyjska
46%
oceania palau
44%
azja wietnam
44%
azja bahrajn
42%
azja pakistan
42%
afryka tunezja
42%
azja izrael
40%
azja gruzja
39%
azja kirgistan
34%
azja singapur
34%
afryka nigeria
30%
oceania tonga
29%
oceania mikronezja
28%
afryka somalia
28%
ameryki honduras
24%
ameryki panama
12%
Nie znaleziono quizów pasujących do podanych kryteriów
Rozkład punktacji
Procent ludzi z każdym wynikiem
Percentyl według liczby udzielonych odpowiedzi
Twoja historia wyników
Nie rozwiązałeś tego quizu